Turecko na vratkom výslní
Zlepšný rating krajiny odráža dosiahnuté úspechy krajiny, ale nijako nezaručuje ich trvanie. Ekonomika prosperuje, rýchly rast ekonomika stimuluje dovozy. Európa už toľko neláka, 85 percent obyvateľov je proti.
Guardado en:
| Autor principal: | |
|---|---|
| Formato: | Capítulo de libro |
| Lenguaje: | eslovaco |
| Materias: | |
| Etiquetas: |
Sin Etiquetas, Sea el primero en etiquetar este registro!
|
MARC
| LEADER | 00000naa a2200000 4500 | ||
|---|---|---|---|
| 001 | 0156990 | ||
| 005 | 20231113075906.6 | ||
| 041 | 0 | |a slo | |
| 044 | |a SK | ||
| 245 | 1 | 0 | |a Turecko na vratkom výslní |c Adrian Peter Pressburg |
| 520 | |a Zlepšný rating krajiny odráža dosiahnuté úspechy krajiny, ale nijako nezaručuje ich trvanie. Ekonomika prosperuje, rýchly rast ekonomika stimuluje dovozy. Európa už toľko neláka, 85 percent obyvateľov je proti. | ||
| 610 | 2 | 0 | |a vývoj hospodársky |
| 610 | 2 | 0 | |a rast hospodársky |
| 610 | 2 | 0 | |a Turecko |
| 610 | 2 | 0 | |a Európska únia |
| 100 | 1 | |a Pressburg, Adrian Peter | |